| 000 | 00426 a2200157 4500 | ||
|---|---|---|---|
| 003 | OSt | ||
| 005 | 20240110113700.0 | ||
| 008 | 240110b |||||||| |||| 00| 0 eng d | ||
| 040 | _coclc | ||
| 082 |
_a297 _bAKB/I |
||
| 100 |
_aAkbar, M M _92026 |
||
| 245 |
_aIslamile Adimaththam ! / _cM M Akbar |
||
| 260 |
_aKerala: _bDa'wa books, _c2009. |
||
| 300 | _a47p | ||
| 942 |
_2ddc _cBK _h297 _iAKB/I _k297 _mAKB/I |
||
| 999 |
_c43090 _d43090 |
||